| 000 | 00375nam a2200145Ia 4500 | ||
|---|---|---|---|
| 005 | 20250729165803.0 | ||
| 008 | 250729s2017 xx 000 0 und d | ||
| 041 | _aeng | ||
| 082 | _a370.25 KONK | ||
| 100 |
_aDr.N.B.Kongawada _9232997 |
||
| 245 | _aKnowledge and curriculum | ||
| 260 |
_aGadag _bVidyanidhi Prakashana _c2017 |
||
| 300 | _a207p | ||
| 650 |
_aEducation _9232998 |
||
| 999 |
_c240061 _d240061 |
||